System Identification of Vibrational System using GMR Sensor / (Record no. 607292)
[ view plain ]
| 000 -LEADER | |
|---|---|
| fixed length control field | 01250nam a22001697a 4500 |
| 003 - CONTROL NUMBER IDENTIFIER | |
| control field | NUST |
| 082 ## - DEWEY DECIMAL CLASSIFICATION NUMBER | |
| Classification number | 621 |
| 100 ## - MAIN ENTRY--PERSONAL NAME | |
| Personal name | Iltaf, Danial |
| 245 ## - TITLE STATEMENT | |
| Title | System Identification of Vibrational System using GMR Sensor / |
| Statement of responsibility, etc. | Danial Iltaf |
| 264 ## - PRODUCTION, PUBLICATION, DISTRIBUTION, MANUFACTURE, AND COPYRIGHT NOTICE | |
| Place of production, publication, distribution, manufacture | Islamabad : |
| Name of producer, publisher, distributor, manufacturer | SMME- NUST; |
| Date of production, publication, distribution, manufacture, or copyright notice | 2023. |
| 300 ## - PHYSICAL DESCRIPTION | |
| Extent | 66p. ; |
| Other physical details | Soft Copy |
| Dimensions | 30cm. |
| 520 ## - SUMMARY, ETC. | |
| Summary, etc. | In this study, GMR Sensor AAH002-02E is used along with a standard permanent<br/>(Neodymium) magnet, Response of sensor is observed along a linear range and is<br/>calibrated for this standard magnet. GMR sensors have the ability to measure<br/>vibration without contact as they can detect variation induced in magnetic field. So,<br/>these sensors are widely used for vibration detection and measurement. Cantilever<br/>beam type system was used and an initial disturbance was applied at the free end of<br/>this cantilever beam which introduced vibration in beam. The data is collected<br/>through DAQ card. Initially the signal is in voltage vs time format which is then<br/>converted to distance vs time to visualize the motion. |
| 650 ## - SUBJECT ADDED ENTRY--TOPICAL TERM | |
| Topical term or geographic name entry element | MS Mechanical Engineering |
| 700 ## - ADDED ENTRY--PERSONAL NAME | |
| Personal name | Supervisor : Dr. Mian Ashfaq Ali |
| 856 ## - ELECTRONIC LOCATION AND ACCESS | |
| Uniform Resource Identifier | <a href="http://10.250.8.41:8080/xmlui/handle/123456789/37245">http://10.250.8.41:8080/xmlui/handle/123456789/37245</a> |
| 942 ## - ADDED ENTRY ELEMENTS (KOHA) | |
| Source of classification or shelving scheme | |
| Koha item type | Thesis |
| Withdrawn status | Permanent Location | Current Location | Shelving location | Date acquired | Full call number | Barcode | Koha item type |
|---|---|---|---|---|---|---|---|
| School of Mechanical & Manufacturing Engineering (SMME) | School of Mechanical & Manufacturing Engineering (SMME) | E-Books | 12/11/2023 | 621 | SMME-TH-904 | Thesis |
